000 00449nam a2200169Ia 4500
008 240729s9999 xx 000 0 und d
022 _a0976-2817
245 0 _aIndian Journal of Anaesthesia
260 _aIndia
260 _bWolters Kluwer Medknow Publications
650 _a Anesthesiology
650 _a Surgery
650 _aMedicine
856 _uhttps://doaj.org/toc/55f14bb311ea43de97082b221b9f65ad
942 _2ddc
942 _cDOAJEJ
999 _c71532
_d71532
945 _a1
_bMadushi Gamage
_c1
_dMadushi Gamage